| 000 | 00732nam a22002297a 4500 | ||
|---|---|---|---|
| 999 |
_c1104 _d1104 |
||
| 001 | 20723 | ||
| 003 | BD-DhUAP | ||
| 005 | 20200202193313.0 | ||
| 008 | 200202s2014 enk||||| b||| 001 0 eng d | ||
| 020 | _a9781107044531 | ||
| 020 | _a9781107678194 | ||
| 040 |
_aBD-DhUAP _bEng _cBD-DhUAP _dBD-DhUAP |
||
| 082 |
_223 _a340.071173 WES |
||
| 100 | _aWest, Robin L. | ||
| 245 |
_aTeaching law : _b justice, politics, and the demands of professionalism / _cRobin L. West. |
||
| 260 |
_aNew York : _bCambridge University Press, _cc2014. |
||
| 300 |
_aix, 246 pages ; _c23 cm. |
||
| 504 | _aIncludes bibliography and index. | ||
| 650 |
_aLaw _vStudy and teaching _zUnited States. |
||
| 650 |
_2Law School _zUnited States. |
||
| 942 |
_2ddc _cBK |
||